Städte Südwestdeutschlands A-Z - Statistiken

Allgemein
  • Dieses Quiz wurde 88 mal gespielt
  • Das Durchschnittsergebnis liegt bei 18 aus 22
Antwortstatistiken
Hinweis Stadt % Korrekt
U In dieser Donaustadt an der Grenze zu Bayern befindet sich der höchste Kirchturm der Welt Ulm
97%
H In dieser kurpfälzischen Großstadt an der Neckar befindet sich die älteste Universität Deutschlands und ein bei Touristen sehr beliebtes Schloss Heidelberg
95%
M Quadratstadt in Baden-Württemberg mit einem großen Schloss, in dem sich eine Universität befindet Mannheim
95%
A Württembergische Kreisstadt auf der Ostalb, dessen Fußballverein VfR zwischen 2012 und 2015 in der 2. Bundesliga (Herren) spielte Aalen
93%
K In dieser Universitätsstadt in der Pfalz spielt der FCK seine Heimspiele auf dem Betzenberg Kaiserslautern
93%
S Hauptstadt des Saarlandes mit Ludwigskirche, dessen drittklassiger Fußballverein am 01.11.2023 den FC Bayern München aus dem DFB-Pokal schmiss Saarbrücken
90%
T Diese Stadt an der Mosel war zeitweise Residenzstadt des Römischen Reiches und ist die Heimatstadt von Karl Marx Trier
89%
L Großstadt in Rheinland-Pfalz am Rhein gegenüber von #M, Sitz von BASF und Geburtsort von Helmut Kohl Ludwigshafen
88%
F In dieser Kreisstadt am Bodensee wurde der Zeppelin erfunden Friedrichshafen
86%
O Kreisstadt in der Nähe von Straßburg und Heimatstadt von Wolfgang Schäuble, darf nicht mit einer ähnlich klingenden Großstadt bei Frankfurt verwechselt werden Offenburg
84%
G Diese Kleinstadt in der Vulkaneifel ist als Luftkurort und Quellort eines bekannten gleichnamigen Mineralwassers bekannt Gerolstein
82%
E Die Bewohner dieser württembergischen Kreisstadt am Neckar werden Zwieblinger genannt Esslingen
81%
P Diese badische Großstadt wird auch "Tor zum Schwarzwald" genannt und war das Ziel der ersten Automobil-Überlandfahrt von Bertha Benz Pforzheim
81%
W In dieser Rheinland-Pfälzischen Domstadt am Rhein wurde Martin Luther auf einem Reichtag für vogelfrei erklärt Worms
79%
R Großstadt südlich von Stuttgart, "Tor zur Schwäbischen Alb", in der sich die teilweise nur 31cm breite engste Straße der Welt befindet Reutlingen
78%
N In dieser Stadt an der Weinstraße wird die deutsche Weinkönigin gewählt, 1832 fand hier das Hambacher Fest statt Neustadt an der Weinstraße
75%
B Stadt im Mittelrheintal mit Mäuseturm, in der die heilige Hildegard als Äbtissin Musik komponierte und medizinische Werke schrieb Bingen
71%
V Stadt im Saarland, dessen ehemaliges Stahlwerk mittlerweile Unesco-Weltkulturerbe ist Völklingen
71%
D Diese Kreisstadt des Schwarzwald-Baar-Kreises gilt als die Quellstadt der Donau Donaueschingen
70%
I Doppelstadt in der Pfalz, welche früher ein Zentrum der Edelsteinverarbeitung war Idar-Oberstein
70%
Z Kreisfreie Kleinstadt in der Pfalz an der Grenze zum Saarland, welches früher als Herzogenresidenz diente Zweibrücken
70%
C Stadt im Landkreis Schwäbisch Hall, an deren Stadtfeiertag traditionell ein Gebäck namens Horaffen gegessen Crailsheim
52%
Keine übereinstimmenden Quizze gefunden
Verteilung der Resultate
Anzahl Personen mit jedem Resultat
Perzentil nach korrekt beantworteten Fragen
Ihre Resultats-Entwicklung
Sie haben dieses Quiz noch nicht gespielt